| 000 | 00530nam a2200217Ia 4500 | ||
|---|---|---|---|
| 003 | OSt | ||
| 005 | 20240214091321.0 | ||
| 008 | 210210b2009 xxu||||| |||| 00| 0 eng d | ||
| 020 | _a9788184883725 | ||
| 040 | _cAL | ||
| 041 | _aeng | ||
| 082 | _a658.82 MISS | ||
| 100 |
_aMISHRA (M N) _9151010 |
||
| 245 | _aSales promotion and advertising management | ||
| 250 | _a2 | ||
| 260 |
_aMumbai _bHimalaya Publishing House _c2009 |
||
| 300 | _a355 | ||
| 690 |
_aSales Management _9151018 |
||
| 906 | _a064148 | ||
| 942 |
_2ddc _cBK |
||
| 999 |
_c139739 _d139739 |
||